000 00715nam a2200169 a 4500
008 120416s1987 ||||||||||||||||| || u
020 _a0853129967
050 _aQA 303 Sti
100 _aStirling, David S.G
245 1 0 _aMathematical analysis
246 _aA fundamental and straight forward approach
260 _aNew York
_bEllis Horwood
_c1987
300 _a172p. : ill.
350 _a0.00
995 _aANNEX COLLECTION (Main Library)
_D0.00
_e712249
_FCBU-MAIN LIBRARY (Kitwe)
_H2
_I19.95
_jQA 303 Sti
_M1
_UAVAILABLE
_y011833
_ZAnnex Low-Usage Collection
995 _aMAIN LIBRARY OPEN ACCESS
_D0.00
_e712250
_FCBU-MAIN LIBRARY (Kitwe)
_H1
_I19.95
_jQA 303 Sti
_M2
_UAVAILABLE
_y011834
_ZMain Library Open Access Collection
999 _c82721
_d82721